| 000 | 00403nam a2200157Ia 4500 | ||
|---|---|---|---|
| 008 | 221030s9999 xx 000 0 und d | ||
| 041 | _aEnglish | ||
| 082 |
_a105.23 _bHer |
||
| 100 | _aH. Taub | ||
| 245 | 0 |
_aDigital Integrated Electronics _cby H. Taub, D. Schilling |
|
| 260 |
_bMcGraw - Hill Pub. _aNew Delhi _c1997 |
||
| 300 | _a650 | ||
| 650 | _aBE Computer | ||
| 700 | _aD. Schilling | ||
| 942 | _cBK | ||
| 999 |
_c1234 _d1234 |
||